Countries with same first letter as their capital - Statistics

General Stats
  • This quiz has been taken 41 times
    29 since last reset
  • The average score is 16 of 29
Answer Stats
Answer % Correct
Mexico (Mexico City)
88%
Brazil (Brasilia)
84%
Andorra (Andorra la Vella)
76%
Guatemala (Guatemala City)
76%
Panama (Panama City)
76%
Sweden (Stockholm)
76%
Vatican City (Vatican City)
76%
San Marino (San Marino)
72%
Algeria (Algiers)
68%
Tunisia (Tunis)
68%
Monaco (Monaco)
64%
Luxembourg (Luxembourg)
60%
Singapore (Singapore)
60%
South Korea (Seoul)
60%
Belgium (Brussels)
56%
Belize (Belmopan)
56%
Djibouti (Djibouti)
52%
Kuwait (Kuwait City)
52%
Taiwan (Taipei)
52%
Guyana (Georgetown)
44%
Niger (Niamey)
44%
Sao Tome and Principe (Sao Tome)
44%
Sri Lanka (Sri Jayawardenapura)
44%
Brunei (Bandar Seri Begawan)
40%
Maldives (Male)
36%
Mozambique (Maputo)
28%
Marshall Islands (Majuro)
20%
Papua New Guinea (Port Moresby)
20%
Barbados (Bridgetown)
16%
No matching quizzes found
Score Distribution
Percent of People with Each Score
Percentile by Number Answered
Your Score History
You have not taken this quiz since the last reset